| 000 | 01213nab a22002777a 4500 | ||
|---|---|---|---|
| 999 |
_c6513 _d6513 |
||
| 003 | OSt | ||
| 005 | 20260218114902.0 | ||
| 008 | 190429b xxu||||| |||| 00| 0 spa d | ||
| 040 | _cPJ | ||
| 100 |
_97121 _aBasso, Andrés F. |
||
| 245 | 1 | 0 |
_aSecuestro extorsivo seguido de una muerte producida con dolo eventual / _cAndrés F. Basso. |
| 260 |
_cCiudad Autónoma de Buenos Aires : _aThomson Reuters La Ley, _b2024. |
||
| 300 | _ap. 3-12 | ||
| 500 | _aCita: TR LALEY AR/DOC/819/2024. | ||
| 505 | _aSumario: I. Introducción.— II. Posición de la fiscalía de juicio y, en general, de la doctrina.— III. Concurrencia de dolo eventual. Interpretación integral y ubicación típica. | ||
| 505 | _tSi te interesa el texto completo, solicitalo a koha@justierradelfuego.gov.ar | ||
| 650 | 0 |
_9343 _aDERECHO PENAL |
|
| 650 | 0 |
_93228 _aSECUESTRO EXTORSIVO |
|
| 650 | 0 |
_93136 _aDELITOS |
|
| 650 | 0 |
_93034 _aEXTORSIÓN |
|
| 650 | 0 |
_92913 _aHOMICIDIO |
|
| 650 | 0 |
_94608 _aPRIVACION ILEGAL DE LA LIBERTAD |
|
| 650 | 0 |
_92904 _aRAPTO |
|
| 773 | 0 |
_02658 _93164 _tRevista de derecho penal y criminología. Nº 7 - Julio 2024 _dCiudad Autónoma de Buenos Aires : Thomson Reuters La Ley, 2017- _x00347914 |
|
| 942 |
_2udc _cANA |
||